Faktory rozvoja intelektuálneho kapitálu podniku
Podstata a riadenie intelektuálneho kapitálu. Úloha intelektuálneho kapitálu v procese riadenia. Faktory jeho rozvoja.
Gespeichert in:
| 1. Verfasser: | |
|---|---|
| Weitere Verfasser: | |
| Format: | Buchkapitel |
| Sprache: | Slowakisch |
| Schlagworte: | |
| Tags: |
Keine Tags, Fügen Sie das erste Tag hinzu!
|
MARC
| LEADER | 00000naa a2200000 4500 | ||
|---|---|---|---|
| 001 | 0201914 | ||
| 005 | 20221019105403.9 | ||
| 041 | 0 | |a slo | |
| 044 | |a SK | ||
| 245 | 1 | 0 | |a Faktory rozvoja intelektuálneho kapitálu podniku |c Mária Seková, Tamara Pešić |
| 520 | |a Podstata a riadenie intelektuálneho kapitálu. Úloha intelektuálneho kapitálu v procese riadenia. Faktory jeho rozvoja. | ||
| 610 | 2 | 0 | |a kapitál intelektuálny |
| 610 | 2 | 0 | |a podnik |
| 610 | 2 | 0 | |a analýza swot |
| 610 | 2 | 0 | |a riadenie procesné |
| 610 | 2 | 0 | |a riadenie ľudských zdrojov |
| 100 | 1 | |a Seková, Mária | |
| 700 | 1 | |a Pešić, Tamara | |